000 01784nam0a22003371 4500
001 rc\4787122
005 20250613084326.0
021 _aRU
_b[59-39749]
035 _a(NLR Aleph) 009033124
090 _a9502325
_c9502325
100 _a20130417d1959 |||y0rusy50 ca
101 0 _arus
102 _aRU
105 _ay z |||||
200 1 _aОпыт выращивания кормовых растений в мелководьях Камского водохранилища
210 _a[Пермь
_cБ. и.
_d1959]
215 _a11 с.
_d20
225 1 _aУральский филиал АН СССР. Пермское правление НТОЭП. Пермский государственный университет. При участии Совета по проблемам водяного хозяйства АН СССР. Совещание по вопросам эксплуатации Камского водохранилища. г. Пермь. 1959 г. [Материалы]
300 _aБез тит. л. и обл.
300 _aПеред загл. авт.: А.М. Овеснов, С.С. Колотова, М.А. Киликеева
320 _aБиблиогр. в конце текста (16 назв.)
606 _aЛуга и пастбища в прибрежных зонах водохранилищ
_2psbo
606 _aКормовые культуры
_xВозделывание в прибрежных зонах водохранилищ
_2psbo
700 1 _aОвеснов
_bА.М.
_f1913-1971
_gАлександр Михайлович
701 1 _aКолотова
_bС.С.
701 1 _aКиликеева
_bМ.А.
801 0 _aRU
_bNLR
_gpsbo
801 1 _aRU
_bELAR
_2rusmarc
852 _aNLR
_j59-4/11108
942 _cBOOK
980 _aNB